| 000 | 00758cam a22002533a 4500 | ||
|---|---|---|---|
| 001 | 30362 | ||
| 003 | PGUSA | ||
| 005 | 20140828083645.0 | ||
| 008 | 091030s2009||||xxu|||||s|||||000 | eng d | ||
| 040 |
_aPGUSA _beng |
||
| 042 | _adc | ||
| 050 | 4 | _aBV | |
| 100 | 1 |
_aGerhardt, Paul, _d1607-1676 |
|
| 245 | 1 | 0 |
_aPaul Gerhardt's Spiritual Songs : _bTranslated by John Kelly _h[electronic resource] / _cPaul Gerhardt |
| 260 |
_bProject Gutenberg, _c2009 |
||
| 506 | _aPublic domain in the USA. | ||
| 516 | _aElectronic text | ||
| 653 | _aHymns, German -- Translations into English | ||
| 653 | _aHymns, English | ||
| 700 | 1 |
_aKelly, John, _d1833-1890 |
|
| 830 | 0 |
_aProject Gutenberg _v30362 |
|
| 856 | 4 | 0 | _uhttp://www.gutenberg.org/ebooks/30362 |
| 942 | _cEB | ||
| 999 |
_c259617 _d259617 |
||